000 00359 a2200109 4500
001 ART_3021
005 20260410161712.0
008 260409a
245 1 0 _aNacionalización, libras bloqueadas y sustitución de importaciones.
100 1 _aSkupch, Pedro R.
773 0 _tDesarrollo económico
_g- Vol. 12, Nº 47 (oct./dic. 1972)
_wREV1174
999 _c16148
_d16148